[Event "58h World U20 ch"]
[Site "New Delhi IND"]
[Date "2019.10.16"]
[Round "2.13"]
[White "Drygalov, Sergei"]
[Black "Milikow, Yoav"]
[Result "1-0"]
[WhiteElo "2470"]
[BlackElo "2199"]
[EventDate "2019.10.15"]
[PlyCount "267"]

1.d4 Nf6 2.c4 g6 3.Nc3 d5 4.cxd5 Nxd5 5.e4 Nxc3 6.bxc3 Bg7 7.Nf3 c5 8.Be3 
Qa5 9.Qd2 O-O 10.Rc1 Nd7 11.d5 Nf6 12.e5 Nd7 13.Bf4 e6 14.dxe6 fxe6 15.Be2
Qc7 16.Qe3 Rxf4 17.Qxf4 Nxe5 18.Nxe5 Bxe5 19.Qh4 Bd7 20.O-O Rf8 21.Rfe1 b5
22.Qh3 c4 23.Rc2 Rf6 24.a4 Qc5 25.Qe3 Qxe3 26.fxe3 Kf7 27.axb5 Bxb5 28.Ra1
a6 29.Bf3 Bc7 30.Kf2 Ke7 31.Ke2 h5 32.h3 Kd6 33.Bb7 a5 34.Rcc1 Kc5 35.Be4 
g5 36.Rf1 Rxf1 37.Rxf1 g4 38.h4 Bd8 39.Bg6 Bxh4 40.Bxh5 g3 41.Bg4 e5 42.
Bf3 Bd7 43.Be4 a4 44.Ra1 Kb6 45.Rb1+ Bb5 46.Rh1 Be7 47.Bb1 Bc6 48.Rh3 Bxg2
49.Rxg3 Bc6 50.Ba2 Kc5 51.Rg8 a3 52.Rc8 Kb5 53.Rb8+ Kc5 54.Rc8 Kb5 55.Kd2 
Bc5 56.Rh8 Bd5 57.Rh4 e4 58.Rh8 Kc6 59.Rc8+ Kb6 60.Rd8 Kc6 61.Rc8+ Kb6 62.
Rh8 Kc6 63.Bb1 Kd6 64.Rh6+ Kc7 65.Rh5 Kc6 66.Rh3 Kb6 67.Rh6+ Kb5 68.Rg6 
Bb6 69.Rg3 Bc5 70.Kc1 Kc6 71.Rg6+ Kc7 72.Kd2 Kb7 73.Ba2 Bf8 74.Rg1 Bc5 75.
Bb1 Kc6 76.Rg6+ Kc7 77.Bc2 Bc6 78.Rh6 Bd5 79.Ba4 Bd6 80.Rh5 Be6 81.Bc2 Bg4
82.Rh7+ Bd7 83.Kc1 Kc8 84.Rh8+ Kc7 85.Rh7 Kc8 86.Rh4 a2 87.Kb2 Be5 88.Kxa2
Bxc3 89.Rxe4 Kd8 90.Ba4 Bh3 91.Bb5 Bg2 92.Rg4 Bf3 93.Rf4 Bg2 94.Bxc4 Ke7 
95.Kb3 Be5 96.Rf7+ Kd6 97.Kc2 Be4+ 98.Bd3 Bc6 99.Rh7 Bg3 100.Rh6+ Kc5 101.
Kd2 Bc7 102.Ke2 Bg3 103.Rh5+ Kd6 104.Bc4 Be4 105.Rh6+ Kc5 106.Bd3 Bb7 107.
Rh5+ Kd6 108.e4 Bf4 109.Kf3 Bc1 110.Bc4 Bc6 111.Bb5 Bb7 112.Ba4 Bd2 113.
Rb5 Kc7 114.Rb1 Bh6 115.Rd1 Bc8 116.Bb3 Bd7 117.e5 Bf5 118.Rh1 Bd2 119.Rd1
Bg5 120.Rg1 Bd2 121.Rg7+ Kd8 122.Rf7 Bd7 123.Ke4 Be8 124.Ra7 Bc6+ 125.Bd5 
Be8 126.Kf5 Be3 127.Rh7 Bd7+ 128.Be6 Ba4 129.Kf6 Bc5 130.Rh8+ Kc7 131.Rc8+
Kb6 132.Bf5 Bc6 133.Kf7 Be4 134.Bxe4 1-0

[Event "58h World U20 ch"]
[Site "New Delhi IND"]
[Date "2019.10.16"]
[Round "2.15"]
[White "Aaryan, Varshney"]
[Black "Rahul Srivatshav, P."]
[Result "1-0"]
[WhiteElo "2239"]
[BlackElo "2460"]
[EventDate "2019.10.15"]
[PlyCount "119"]

1.d4 d6 2.Nf3 Nf6 3.c4 g6 4.Nc3 Bf5 5.g3 Bg7 6.Bg2 Nc6 7.O-O O-O 8.d5 Na5 
9.Nd2 c6 10.dxc6 Nxc6 11.e4 Bg4 12.f3 Bd7 13.Nb3 Be6 14.Nd5 Ne5 15.c5 Bxd5
16.exd5 dxc5 17.f4 Ned7 18.Re1 c4 19.Nd2 Nb6 20.Qe2 Rc8 21.Qxe7 Nfxd5 22.
Qxd8 Rfxd8 23.Nf3 Nb4 24.Rf1 Nd3 25.Ne5 Rc7 26.Rb1 Nxe5 27.fxe5 Bxe5 28.
Bg5 Bd4+ 29.Kh1 Re8 30.Bf4 Rce7 31.b3 c3 32.Rbc1 Kg7 33.h4 a5 34.Bf3 h6 
35.Rfd1 Bf6 36.Bd6 Re6 37.Bc5 Na8 38.Kg2 Nc7 39.Rd7 Na6 40.Bd4 Bxd4 41.
Rxd4 Re3 42.Rc4 Nb4 43.R1xc3 Nxa2 44.Rxe3 Rxe3 45.Rc7 b5 46.Ra7 Rxb3 47.
Bd5 Rb2+ 48.Kf3 Kf6 49.Ra6+ Kg7 50.Ra7 Kf6 51.Ra6+ Ke7 52.Rxa5 Nc3 53.Ra7+
Kf6 54.Bxf7 Ne2 55.Bg8 Ng1+ 56.Ke4 Rb4+ 57.Kd5 g5 58.h5 g4 59.Rf7+ Kg5 60.
Bh7 1-0

[Event "58h World U20 ch"]
[Site "New Delhi IND"]
[Date "2019.10.16"]
[Round "2.16"]
[White "Winkelman, Albert"]
[Black "Tabatabaei, Mohammadamin"]
[Result "1/2-1/2"]
[WhiteElo "2143"]
[BlackElo "2642"]
[EventDate "2019.10.15"]
[PlyCount "87"]

1.e4 c5 2.Nf3 Nc6 3.d4 cxd4 4.Nxd4 Nf6 5.Nc3 d6 6.Bg5 e6 7.Qd2 a6 8.O-O-O 
Bd7 9.f3 Be7 10.Kb1 Qc7 11.Nxc6 Bxc6 12.Ne2 b5 13.Nd4 Bd7 14.c3 Rb8 15.h4 
h6 16.Be3 h5 17.Bg5 a5 18.Bd3 Qb6 19.Nc2 Bc6 20.Ne3 Ba8 21.Rhg1 g6 22.g4 
hxg4 23.Nxg4 Nxg4 24.Rxg4 b4 25.c4 Bxg5 26.Rxg5 Rxh4 27.Bc2 Rc8 28.Bb3 Kf8
29.Rb5 Qc7 30.Qxd6+ Qxd6 31.Rxd6 Rh1+ 32.Rd1 Rh3 33.Rf1 Rxf3 34.Re1 Rf4 
35.Bc2 f5 36.Rxa5 Bxe4 37.Bxe4 Rxe4 38.Rxe4 fxe4 39.b3 Kf7 40.Kc2 Rd8 41.
a3 bxa3 42.Rxa3 Kf6 43.c5 Ke5 44.b4 1/2-1/2

[Event "58h World U20 ch"]
[Site "New Delhi IND"]
[Date "2019.10.16"]
[Round "2.17"]
[White "Karthikeyan, Murali"]
[Black "Nitish, Belurkar"]
[Result "1-0"]
[WhiteElo "2617"]
[BlackElo "2311"]
[EventDate "2019.10.15"]
[PlyCount "53"]

1.e4 e6 2.d4 d5 3.Nc3 Nf6 4.e5 Nfd7 5.f4 c5 6.Nf3 Nc6 7.Be3 Qb6 8.Na4 Qa5+
9.c3 cxd4 10.b4 Nxb4 11.cxb4 Bxb4+ 12.Bd2 Bxd2+ 13.Nxd2 O-O 14.Bd3 b5 15.
Nb2 Nb6 16.O-O Nc4 17.Bxh7+ Kxh7 18.Qh5+ Kg8 19.Nf3 f6 20.exf6 gxf6 21.
Qg6+ Kh8 22.Ne5 Nd2 23.Nf7+ Rxf7 24.Qxf7 Nxf1 25.Qxf6+ Kh7 26.Qf7+ Kh6 27.
g4 1-0

[Event "58h World U20 ch"]
[Site "New Delhi IND"]
[Date "2019.10.16"]
[Round "2.18"]
[White "Aronyak, Ghosh"]
[Black "Aravindh, Chithambaram"]
[Result "1-0"]
[WhiteElo "2380"]
[BlackElo "2609"]
[EventDate "2019.10.15"]
[PlyCount "97"]

1.c4 e5 2.Nc3 Bb4 3.Nd5 Bc5 4.b4 Bf8 5.Bb2 c6 6.Ne3 f6 7.a3 d5 8.g3 Be6 9.
cxd5 cxd5 10.Bg2 Nc6 11.d3 Nge7 12.Rc1 g6 13.Nf3 Bh6 14.Rc2 Qb6 15.Bc1 Bg7
16.h4 h6 17.O-O O-O 18.Nd2 a5 19.bxa5 Rxa5 20.Rb2 Qa7 21.Qb3 Nd4 22.Qxb7 
Nxe2+ 23.Kh2 Bf7 24.Nb1 Nd4 25.Bd2 Ra6 26.Rc1 Ndc6 27.Qxa7 Rxa7 28.Nxd5 
Rd8 29.Nxf6+ Bxf6 30.Bxc6 e4 31.Rb4 exd3 32.Bxh6 Nf5 33.Bd2 Nd4 34.Bg2 Nc2
35.Rg4 Kg7 36.h5 Re7 37.Nc3 g5 38.Ne4 Bxh5 39.Nxf6 Bxg4 40.Nxg4 Re2 41.Rd1
Kg6 42.Bf1 Kf5 43.Bc3 Re6 44.Rxd3 Rxd3 45.Bxd3+ Kxg4 46.Bxc2 Kf3 47.Bd4 
Re1 48.Ba4 g4 49.Bc6+ 1-0

[Event "58h World U20 ch"]
[Site "New Delhi IND"]
[Date "2019.10.16"]
[Round "2.19"]
[White "Wang Shixu"]
[Black "Gholami, Aryan"]
[Result "1/2-1/2"]
[WhiteElo "2370"]
[BlackElo "2554"]
[EventDate "2019.10.15"]
[PlyCount "95"]

1.d4 Nf6 2.c4 e6 3.Nf3 d5 4.Nc3 Bb4 5.e3 O-O 6.Bd2 c6 7.Bd3 Nbd7 8.O-O Qe7
9.a3 dxc4 10.Bxc4 Bd6 11.Qc2 b5 12.Bd3 Bb7 13.Ng5 h6 14.Nge4 Nxe4 15.Nxe4 
c5 16.dxc5 Nxc5 17.Nxc5 Bxc5 18.Bh7+ Kh8 19.Be4 Rac8 20.Bc3 a5 21.Bxb7 
Qxb7 22.Rfd1 b4 23.axb4 axb4 24.Qb3 Rfd8 25.Rac1 Qb6 26.Rxd8+ Rxd8 27.Be1 
Be7 28.h3 Kg8 29.Qc2 h5 30.b3 h4 31.Qc7 Bf6 32.Qf4 Rd3 33.Qxb4 Qxb4 34.
Bxb4 Rxb3 35.Bc5 g5 36.Kf1 Kg7 37.Ke2 Kg6 38.Rc4 Be5 39.Bd4 Bxd4 40.Rxd4 
Rb2+ 41.Kf3 f5 42.Rd6 Kf7 43.g4 hxg3 44.Kxg3 Rb4 45.Ra6 Kf6 46.Ra5 f4+ 47.
exf4 Rxf4 48.f3 1/2-1/2

[Event "58h World U20 ch"]
[Site "New Delhi IND"]
[Date "2019.10.16"]
[Round "2.20"]
[White "Kuybokarov, Temur"]
[Black "Muthaiah, A. L."]
[Result "1-0"]
[WhiteElo "2501"]
[BlackElo "2370"]
[EventDate "2019.10.15"]
[PlyCount "129"]

1.e4 c6 2.d4 d5 3.e5 Bf5 4.h4 h5 5.Bd3 Bxd3 6.Qxd3 e6 7.Bg5 Be7 8.Nf3 Nh6 
9.Nc3 Nf5 10.a3 Nd7 11.Ne2 c5 12.c3 c4 13.Qd2 Nf8 14.Ng3 Qd7 15.O-O O-O-O 
16.a4 Ng6 17.Nxf5 exf5 18.Bxe7 Qxe7 19.Qc2 Nxh4 20.Nxh4 Qxh4 21.Qxf5+ Rd7 
22.f4 g6 23.Qg5 Qxg5 24.fxg5 h4 25.Rf6 Rh5 26.Raf1 Rxg5 27.Kh2 Rg4 28.Rxf7
Rxf7 29.Rxf7 Re4 30.Rf6 g5 31.Rd6 Re2 32.Kh3 Re3+ 33.Kg4 Rg3+ 34.Kf5 Rxg2 
35.Rh6 Kd7 36.Rh7+ Kc6 37.Rh6+ Kd7 38.Rh8 Kc6 39.e6 Re2 40.Kf6 g4 41.Kf7 
h3 42.e7 g3 43.Rxh3 Kd7 44.Rxg3 Rxe7+ 45.Kf6 Re2 46.Kf5 b6 47.Rg6 Kc7 48.
Re6 Rxb2 49.Ke5 Ra2 50.Kxd5 Rxa4 51.Re7+ Kd8 52.Rb7 Ra3 53.Kd6 Ke8 54.Re7+
Kf8 55.Re3 b5 56.Kc5 Rb3 57.d5 b4 58.d6 bxc3 59.d7 Rb8 60.Kd6 c2 61.Rc3 
Kf7 62.Rxc2 Ra8 63.Rxc4 a5 64.Rc8 Ra6+ 65.Kc5 1-0

[Event "58h World U20 ch"]
[Site "New Delhi IND"]
[Date "2019.10.16"]
[Round "2.23"]
[White "Janik, Igor"]
[Black "Risting, Eivind Olav"]
[Result "1-0"]
[WhiteElo "2467"]
[BlackElo "2289"]
[EventDate "2019.10.15"]
[PlyCount "108"]

1.e4 c5 2.Nf3 d6 3.Bb5+ Bd7 4.a4 Nf6 5.d3 g6 6.O-O Bg7 7.e5 dxe5 8.Nxe5 
O-O 9.Qf3 Qc8 10.Re1 Be6 11.Bg5 Nbd7 12.Nc3 Nxe5 13.Rxe5 Ng4 14.Re4 a6 15.
Bc4 Ne5 16.Qe3 Nxc4 17.dxc4 Bd4 18.Qg3 Qc6 19.Rae1 Rfe8 20.b3 Rad8 21.h4 
Bg7 22.h5 Rd4 23.hxg6 hxg6 24.Rxe6 fxe6 25.Be3 Rdd8 26.Qxg6 e5 27.Qxc6 
bxc6 28.Ne4 Kf7 29.Nxc5 Ra8 30.Bd2 Red8 31.Ba5 Rd4 32.g3 Bf6 33.Kg2 Kg6 
34.Kf3 Kf5 35.Ne4 Rd7 36.Rh1 Kg6 37.Bb6 a5 38.Ke2 Rb7 39.Be3 Rbb8 40.Bd2 
Rd8 41.Nc5 Ra7 42.Bc3 e4 43.Nxe4 Bxc3 44.Nxc3 Rad7 45.Ne4 Rd4 46.f3 R4d7 
47.g4 e5 48.Rh5 Rh7 49.Rg5+ Kf7 50.Rxe5 Rh2+ 51.Ke3 Rxc2 52.Rxa5 Rb8 53.
Rf5+ Kg7 54.Nc5 Re8+ 1-0

[Event "58h World U20 ch"]
[Site "New Delhi IND"]
[Date "2019.10.16"]
[Round "2.24"]
[White "Pranav, V."]
[Black "Costachi, Mihnea"]
[Result "0-1"]
[WhiteElo "2308"]
[BlackElo "2463"]
[EventDate "2019.10.15"]
[PlyCount "92"]

1.e4 e5 2.Nf3 Nc6 3.Bb5 a6 4.Ba4 Nf6 5.Bxc6 dxc6 6.Nc3 Bd6 7.d3 h6 8.h3 
Be6 9.O-O Qe7 10.a3 O-O-O 11.b4 g5 12.Nh2 Rdg8 13.Ne2 Nh5 14.c4 Qd7 15.Ng3
Nf4 16.Ng4 Be7 17.Bb2 Nxd3 18.Bc3 Bxc4 19.Nf5 Qe6 20.Nge3 Bf6 21.g3 Nf4 
22.Kh2 Rd8 23.Qc1 Bd3 24.f3 Bxf1 25.Qxf1 Qb3 26.Rc1 Nd3 27.Rc2 h5 28.Bd2 
Qxa3 29.Qb1 Qa4 30.Nc4 Qb5 31.Qb3 Nc5 32.Qe3 Na4 33.Qb3 Nb6 34.Nfe3 Kb8 
35.Be1 Nxc4 36.Nxc4 Rd1 37.Bf2 Rhd8 38.Kg2 R1d3 39.Rc3 Rxc3 40.Qxc3 Be7 
41.Nxe5 Bxb4 42.Qa1 f6 43.Ng6 Rd2 44.Qxf6 Bc5 45.h4 Rxf2+ 46.Kh3 Qf1# 0-1

[Event "58h World U20 ch"]
[Site "New Delhi IND"]
[Date "2019.10.16"]
[Round "2.25"]
[White "Raghunandan, Kaumandur Srihari"]
[Black "Flores Quillas, Diego Saul Rodrigo"]
[Result "1-0"]
[WhiteElo "2449"]
[BlackElo "2164"]
[EventDate "2019.10.15"]
[PlyCount "95"]

1.d4 Nf6 2.c4 c5 3.d5 e6 4.Nc3 exd5 5.cxd5 d6 6.e4 g6 7.Nge2 Bg7 8.Ng3 O-O
9.Be2 Re8 10.O-O a6 11.a4 Nbd7 12.h3 Rb8 13.Bg5 Qc7 14.Qd2 c4 15.Rac1 b5 
16.axb5 axb5 17.b4 Qb7 18.Ra1 Ne5 19.Be3 Bd7 20.f4 Nd3 21.Bxd3 cxd3 22.
Qxd3 Rbc8 23.Ra7 Qb8 24.Rxd7 Nxd7 25.Nxb5 h5 26.Rb1 Nf6 27.Na7 Rc7 28.Nc6 
Qc8 29.b5 h4 30.b6 Rd7 31.Nf1 Nxe4 32.Rc1 Qa8 33.Nd2 Nxd2 34.Bxd2 Qa4 35.
Rb1 Rb7 36.Kh2 Ra8 37.f5 Qa6 38.Qe4 Rxb6 39.Rxb6 Qxb6 40.fxg6 Qc7 41.Bg5 
Qd7 42.Qxh4 fxg6 43.Ne7+ Kf7 44.Qh7 Rb8 45.Qxg6+ Kf8 46.Bf6 Bxf6 47.Qxf6+ 
Ke8 48.Nc6 1-0

[Event "58h World U20 ch"]
[Site "New Delhi IND"]
[Date "2019.10.16"]
[Round "2.28"]
[White "Davtian, Artur"]
[Black "Lama, Milan"]
[Result "1-0"]
[WhiteElo "2418"]
[BlackElo "1976"]
[EventDate "2019.10.15"]
[PlyCount "85"]

1.d4 d5 2.Nf3 Nf6 3.c4 dxc4 4.e3 Bg4 5.Bxc4 e6 6.Nc3 a6 7.h3 Bh5 8.O-O Nc6
9.Re1 Bb4 10.Bd2 O-O 11.a3 Bxc3 12.Bxc3 Ne4 13.Bd3 Ng5 14.Be2 Nxf3+ 15.
Bxf3 Bxf3 16.Qxf3 Rb8 17.Rac1 Ne7 18.Qg3 Nd5 19.Ba5 Rc8 20.e4 Nb6 21.Rc5 
Na8 22.Rg5 g6 23.Bc3 Qd7 24.d5 f6 25.dxe6 Qe7 26.Rd5 Nb6 27.Rd4 Qxe6 28.f4
Rfd8 29.f5 Qf7 30.fxg6 hxg6 31.Rxd8+ Rxd8 32.Rf1 Rd6 33.e5 Re6 34.exf6 Nd5
35.Be5 c6 36.h4 Kf8 37.Bd6+ Ke8 38.Be7 Kd7 39.Qb8 Nxe7 40.Qxb7+ Kd6 41.
fxe7 Qxe7 42.Rd1+ Ke5 43.Qxe7 1-0

[Event "58h World U20 ch"]
[Site "New Delhi IND"]
[Date "2019.10.16"]
[Round "2.29"]
[White "Di Benedetto, Edoardo"]
[Black "Vatsal, Singhania"]
[Result "1/2-1/2"]
[WhiteElo "2401"]
[BlackElo "2157"]
[EventDate "2019.10.15"]
[PlyCount "95"]

1.d4 Nf6 2.c4 e6 3.Nc3 Bb4 4.e3 O-O 5.Bd3 d5 6.cxd5 exd5 7.Ne2 Bd6 8.Nb5 
Be7 9.O-O Re8 10.Nf4 c6 11.Nc3 Nbd7 12.f3 Nf8 13.Bc2 Bb4 14.Re1 Ba5 15.h3 
Bb6 16.Nfe2 Ng6 17.Kh1 Be6 18.e4 dxe4 19.fxe4 Qd7 20.Qd3 Rad8 21.Rd1 Qe7 
22.Qf3 Bc4 23.Bg5 h6 24.Bxf6 Qxf6 25.Qxf6 gxf6 26.Bd3 Be6 27.d5 cxd5 28.
Bb5 Re7 29.exd5 Bd7 30.Bxd7 Rdxd7 31.Rf1 Kg7 32.Ng3 Re5 33.Nge4 f5 34.Ng3 
f4 35.Nge4 f5 36.Nf2 Bd4 37.Nd3 Bxc3 38.bxc3 Rexd5 39.Nxf4 Nxf4 40.Rxf4 
Rd1+ 41.Rxd1 Rxd1+ 42.Kh2 Kg6 43.Rb4 Rd7 44.Ra4 a6 45.Rb4 b5 46.a4 Rc7 47.
axb5 axb5 48.Rxb5 1/2-1/2

[Event "58h World U20 ch"]
[Site "New Delhi IND"]
[Date "2019.10.16"]
[Round "2.30"]
[White "Papadiamandis, Elliot"]
[Black "Sammed Shete, Jaykumar"]
[Result "1/2-1/2"]
[WhiteElo "2190"]
[BlackElo "2392"]
[EventDate "2019.10.15"]
[PlyCount "62"]

1.e4 e5 2.Nf3 Nc6 3.Bc4 Nf6 4.d3 h6 5.c3 d6 6.Nbd2 g6 7.O-O Bg7 8.Re1 O-O 
9.Bb3 Nd7 10.Nf1 Nc5 11.Bc2 Ne6 12.Ne3 a5 13.Bb3 Kh7 14.Nd5 f5 15.exf5 
Rxf5 16.Bc2 Rf8 17.Qe2 Nb8 18.Qe4 c6 19.d4 Rxf3 20.Qxg6+ Kg8 21.Qh7+ Kf8 
22.Bxh6 cxd5 23.gxf3 Nc6 24.Qf5+ Kg8 25.Qh7+ Kf8 26.Qf5+ Kg8 27.Qh7+ Kf8 
28.Qf5+ Kg8 29.Qh7+ Kf8 30.Qf5+ Kg8 31.Qh7+ Kf8 1/2-1/2

[Event "58h World U20 ch"]
[Site "New Delhi IND"]
[Date "2019.10.16"]
[Round "2.32"]
[White "Sivathanujan, Sivanathan"]
[Black "Albornoz Cabrera, Carlos Daniel"]
[Result "1/2-1/2"]
[WhiteElo "1766"]
[BlackElo "2581"]
[EventDate "2019.10.15"]
[PlyCount "45"]

1.e4 c5 2.Nf3 d6 3.c3 Nf6 4.Bc4 e6 5.d3 g6 6.O-O Bg7 7.Re1 O-O 8.d4 Nxe4 
9.d5 exd5 10.Bxd5 Nf6 11.Bf4 Qb6 12.Na3 Nxd5 13.Qxd5 Be6 14.Rxe6 fxe6 15.
Qxe6+ Kh8 16.Bxd6 Na6 17.Nc4 Qc6 18.Ng5 Rf6 19.Nf7+ Kg8 20.Nh6+ Kh8 21.
Nf7+ Kg8 22.Nh6+ Kh8 23.Nf7+ 1/2-1/2

[Event "58h World U20 ch"]
[Site "New Delhi IND"]
[Date "2019.10.16"]
[Round "2.34"]
[White "Garidmagnai, Byambasuren"]
[Black "Vykouk, Jan"]
[Result "1-0"]
[WhiteElo "2327"]
[BlackElo "2468"]
[EventDate "2019.10.15"]
[PlyCount "49"]

1.d4 Nf6 2.c4 e6 3.Nc3 Bb4 4.Qc2 O-O 5.a3 Bxc3+ 6.Qxc3 b5 7.cxb5 c6 8.e3 
cxb5 9.Bxb5 Bb7 10.Nf3 Qb6 11.Qc5 Qxc5 12.dxc5 Rc8 13.b4 a5 14.Bb2 axb4 
15.axb4 Rxa1+ 16.Bxa1 Nd5 17.Kd2 Ba6 18.Ba4 Nxb4 19.Ne5 N8c6 20.Rb1 Nxe5 
21.Bxe5 Nd3 22.Bxd7 Ra8 23.Bd6 Nxf2 24.Rb4 Nd3 25.Rb6 1-0

[Event "58h World U20 ch"]
[Site "New Delhi IND"]
[Date "2019.10.16"]
[Round "2.36"]
[White "Donoso Diaz, Sebastian"]
[Black "Tica, Sven"]
[Result "0-1"]
[WhiteElo "2203"]
[BlackElo "2418"]
[EventDate "2019.10.15"]
[PlyCount "60"]

1.Nf3 Nf6 2.c4 e6 3.e3 d5 4.b3 b6 5.Bb2 Bb7 6.cxd5 exd5 7.g3 Nbd7 8.d4 Bd6
9.Bg2 Ba6 10.Nc3 O-O 11.Nd2 c6 12.Ne2 Qe7 13.O-O Rac8 14.Re1 Rfd8 15.Nf4 
Bb7 16.Nf3 Ne4 17.Nd3 c5 18.Nde5 Nxe5 19.Nxe5 f6 20.Nf3 c4 21.bxc4 dxc4 
22.Nh4 Bb4 23.Nf5 Qd7 24.Qg4 Bxe1 25.Rxe1 Nd6 26.Nh6+ Kh8 27.Qxd7 Rxd7 28.
Bh3 Rdc7 29.d5 c3 30.Ba3 Rd8 0-1

[Event "58h World U20 ch"]
[Site "New Delhi IND"]
[Date "2019.10.16"]
[Round "2.37"]
[White "Percivaldi, Martin"]
[Black "Tifferet, Shaked"]
[Result "1-0"]
[WhiteElo "2391"]
[BlackElo "2224"]
[EventDate "2019.10.15"]
[PlyCount "51"]

1.c4 Nf6 2.Nc3 e6 3.e4 d5 4.cxd5 exd5 5.e5 Ne4 6.d4 c5 7.Nxe4 dxe4 8.d5 
Nd7 9.Qa4 Qe7 10.f4 g5 11.Qxe4 Nf6 12.Bb5+ Bd7 13.Bxd7+ Nxd7 14.Nf3 O-O-O 
15.Be3 g4 16.Nd2 Kb8 17.O-O-O Bg7 18.Kb1 f6 19.e6 f5 20.Qxf5 Rhf8 21.Qc2 
Nb6 22.Bxc5 Qf6 23.Ne4 Qf5 24.Bxb6 Rc8 25.Bc5 Rfd8 26.Qd3 1-0

[Event "58h World U20 ch"]
[Site "New Delhi IND"]
[Date "2019.10.16"]
[Round "2.38"]
[White "Cansun, Can Alp"]
[Black "Raja Rithvik, R."]
[Result "0-1"]
[WhiteElo "2199"]
[BlackElo "2369"]
[EventDate "2019.10.15"]
[PlyCount "66"]

1.d4 Nf6 2.c4 e6 3.Nf3 b6 4.g3 Bb7 5.Bg2 Be7 6.O-O O-O 7.d5 exd5 8.Nh4 c6 
9.cxd5 Nxd5 10.Nf5 Nc7 11.e4 d5 12.Nc3 Bf6 13.exd5 Nxd5 14.Nxd5 cxd5 15.
Ne3 Nd7 16.Nxd5 Nc5 17.Nxf6+ Qxf6 18.Bxb7 Nxb7 19.Rb1 Nc5 20.Be3 Rfd8 21.
Qg4 Nd3 22.b3 Rd5 23.Qe4 Rad8 24.Rbd1 Qd6 25.Rd2 f5 26.Qf3 f4 27.gxf4 Qg6+
28.Qg3 Qe4 29.Qg2 Qf5 30.Rfd1 R8d6 31.Kh1 Qh5 32.Rg1 Rg6 33.Qe4 Qxh2+ 0-1

[Event "58h World U20 ch"]
[Site "New Delhi IND"]
[Date "2019.10.16"]
[Round "2.39"]
[White "Li, William"]
[Black "Pogosian, Stefan"]
[Result "0-1"]
[WhiteElo "2161"]
[BlackElo "2364"]
[EventDate "2019.10.15"]
[PlyCount "110"]

1.e4 c5 2.Nf3 Nc6 3.Bb5 g6 4.O-O Bg7 5.Re1 e5 6.b4 Nxb4 7.Bb2 Qc7 8.c3 Nc6
9.d4 exd4 10.cxd4 Nge7 11.e5 cxd4 12.Nbd2 a6 13.Bc4 O-O 14.Rc1 d5 15.exd6 
Qxd6 16.Ne4 Qb4 17.Ba1 Bg4 18.h3 Bxf3 19.Qxf3 Nf5 20.g4 Ne5 21.Qf4 Nxc4 
22.gxf5 Rfe8 23.fxg6 hxg6 24.Nf6+ Bxf6 25.Rxe8+ Rxe8 26.Qxf6 Qd6 27.Bxd4 
Qxf6 28.Bxf6 Re6 29.Bd4 b5 30.a4 Rd6 31.axb5 axb5 32.Bc5 Rc6 33.Bb4 Ne5 
34.Rd1 Rc4 35.Rd8+ Kh7 36.Bd6 Rc1+ 37.Kg2 Rd1 38.Re8 Rxd6 39.Rxe5 Rb6 40.
Re3 b4 41.Rb3 Kg7 42.Kf3 Kf6 43.Ke4 Kg5 44.f4+ Kf6 45.h4 Ke6 46.f5+ gxf5+ 
47.Kf4 Kd5 48.h5 Kc4 49.Rh3 b3 50.h6 b2 51.h7 Rb8 52.Rh1 Rh8 53.Kg5 Kb3 
54.Kh6 Ka2 55.Kg7 Rxh7+ 0-1

[Event "58h World U20 ch"]
[Site "New Delhi IND"]
[Date "2019.10.16"]
[Round "2.40"]
[White "Rakesh Kumar, Jena"]
[Black "Zrikem, Nassim"]
[Result "1-0"]
[WhiteElo "2355"]
[BlackElo "2125"]
[EventDate "2019.10.15"]
[PlyCount "67"]

1.d4 Nf6 2.Bf4 b6 3.e3 Bb7 4.Nd2 g6 5.Ngf3 Bg7 6.Bd3 d6 7.h4 Nbd7 8.a4 a6 
9.c3 c5 10.Qe2 O-O 11.O-O Re8 12.Bh2 e5 13.dxe5 Nxe5 14.Nxe5 dxe5 15.Rfd1 
Qd5 16.e4 Qc6 17.Nc4 Qc7 18.Bc2 Nh5 19.Nd6 Red8 20.Nxb7 Qxb7 21.Bb3 Nf6 
22.f3 Qc7 23.g4 a5 24.Bc4 Rab8 25.f4 exf4 26.e5 Re8 27.Bxf4 Rbd8 28.exf6 
Qxf4 29.Rxd8 Rxd8 30.Bxf7+ Kh8 31.fxg7+ Kxg7 32.Rf1 Qg3+ 33.Qg2 Qxh4 34.
Be6 1-0

[Event "58h World U20 ch"]
[Site "New Delhi IND"]
[Date "2019.10.16"]
[Round "2.43"]
[White "Licheli, Luka"]
[Black "Miciano, John Marvin"]
[Result "0-1"]
[WhiteElo "2010"]
[BlackElo "2345"]
[EventDate "2019.10.15"]
[PlyCount "103"]

1.e4 c6 2.d3 d5 3.Nd2 e5 4.Ngf3 Bd6 5.Qe2 Qe7 6.d4 exd4 7.exd5 cxd5 8.Nxd4
Nc6 9.Qxe7+ Ngxe7 10.N2b3 O-O 11.Be3 Bg4 12.h3 Bh5 13.Nb5 Be5 14.f4 Nf5 
15.Kf2 Nxe3 16.Kxe3 d4+ 17.Kf2 Bxf4 18.N5xd4 Nxd4 19.Nxd4 Rad8 20.Nf3 Bg6 
21.c3 Rfe8 22.Bb5 Re6 23.Rad1 Red6 24.Rxd6 Bxd6 25.Re1 Kf8 26.Nd4 a6 27.
Ba4 Bc7 28.Bd1 b5 29.a3 Bb6 30.Ke3 Be4 31.Re2 Bd5 32.Rd2 g6 33.Bf3 f5 34.
Kf4 Kf7 35.Bxd5+ Rxd5 36.Nf3 Rxd2 37.Nxd2 Kf6 38.b4 g5+ 39.Kf3 Ke5 40.a4 
bxa4 41.Nc4+ Ke6 42.Ke2 Bc7 43.Kd3 h5 44.Kc2 Kd5 45.Kd3 f4 46.Nd2 g4 47.
hxg4 hxg4 48.c4+ Kc6 49.Kd4 f3 50.gxf3 g3 51.Ke3 Bf4+ 52.Kd4 0-1

[Event "58h World U20 ch"]
[Site "New Delhi IND"]
[Date "2019.10.16"]
[Round "2.44"]
[White "Hamad, Essam"]
[Black "Kukelko, Alexey"]
[Result "1/2-1/2"]
[WhiteElo "1849"]
[BlackElo "2342"]
[EventDate "2019.10.15"]
[PlyCount "66"]

1.e4 c5 2.Ne2 Nc6 3.g3 d5 4.Bg2 dxe4 5.Nbc3 f5 6.O-O Nf6 7.d3 exd3 8.Nf4 
dxc2 9.Bxc6+ bxc6 10.Qxc2 e5 11.Rd1 Qc7 12.Ng2 Be6 13.Na4 Nd7 14.Ne3 g6 
15.Nc4 Nb6 16.Naxb6 axb6 17.Qc3 Bg7 18.Nd6+ Kf8 19.Bh6 Kg8 20.Bxg7 Qxg7 
21.b4 e4 22.Qe3 Bd5 23.bxc5 Qe5 24.f4 Qe7 25.Rab1 bxc5 26.Qxc5 Qa7 27.Rxd5
cxd5 28.Rb8+ Qxb8 29.Qxd5+ Kg7 30.Qd4+ Kg8 31.Qd5+ Kg7 32.Qd4+ Kg8 33.Qd5+
Kg7 1/2-1/2

[Event "58h World U20 ch"]
[Site "New Delhi IND"]
[Date "2019.10.16"]
[Round "2.45"]
[White "Audi, Ameya"]
[Black "Davis, Holden"]
[Result "1-0"]
[WhiteElo "2336"]
[BlackElo "1817"]
[EventDate "2019.10.15"]
[PlyCount "47"]

1.Nf3 e6 2.g3 f5 3.Bg2 Nf6 4.O-O Be7 5.d3 O-O 6.Nbd2 d6 7.a4 a5 8.Nc4 Qe8 
9.Nd4 e5 10.Nb5 Bd8 11.Bg5 Qh5 12.Bxf6 Rxf6 13.e4 Qh6 14.d4 exd4 15.e5 
dxe5 16.Nxe5 c6 17.Qxd4 Rf8 18.Nd6 Be6 19.Nxb7 Bf6 20.Nc5 Rd8 21.Qc3 Bf7 
22.Nxf7 Kxf7 23.Qb3+ Kg6 24.Ne6 1-0

[Event "58h World U20 ch"]
[Site "New Delhi IND"]
[Date "2019.10.16"]
[Round "2.47"]
[White "Jablonicky, Martin"]
[Black "Dahanayake, Isara Banidu"]
[Result "1-0"]
[WhiteElo "2333"]
[BlackElo "1771"]
[EventDate "2019.10.15"]
[PlyCount "47"]

1.e4 c5 2.Nf3 d6 3.d4 cxd4 4.Nxd4 Nf6 5.Nc3 a6 6.Bc4 e6 7.Bb3 b5 8.f4 Be7 
9.e5 dxe5 10.fxe5 Bc5 11.Be3 Nd5 12.Nxd5 exd5 13.Qf3 Bxd4 14.Bxd5 Be6 15.
Bxa8 Bxb2 16.Rd1 Qa5+ 17.Kf2 Bxe5 18.Bc6+ Nd7 19.Bxd7+ Bxd7 20.Qa8+ Qd8 
21.Qxd8+ Kxd8 22.Rd5 Re8 23.Rhd1 Re7 24.Bg5 1-0

[Event "58h World U20 ch"]
[Site "New Delhi IND"]
[Date "2019.10.17"]
[Round "3.1"]
[White "Khanin, Semen"]
[Black "Sargsian, Shant"]
[Result "1/2-1/2"]
[WhiteElo "2507"]
[BlackElo "2580"]
[EventDate "2019.10.15"]
[PlyCount "119"]

1.e4 e5 2.Nf3 Nc6 3.Bb5 a6 4.Ba4 Nf6 5.O-O Nxe4 6.d4 b5 7.Bb3 d5 8.dxe5 
Be6 9.Nbd2 Be7 10.c3 O-O 11.Bc2 f5 12.exf6 Nxf6 13.Re1 Bg4 14.h3 Bh5 15.a4
b4 16.Nf1 Ne4 17.Bxe4 dxe4 18.Qxd8 Raxd8 19.Ng5 bxc3 20.bxc3 Bxg5 21.Bxg5 
Rd5 22.Bh4 Bg6 23.Bg3 Rc5 24.Nd2 Re8 25.Bxc7 Rxc3 26.Rac1 Rxc1 27.Rxc1 Nb4
28.Bb6 Bf5 29.a5 Re5 30.Rc4 Rb5 31.Nxe4 Bxe4 32.Rxe4 Nc6 33.Re8+ Kf7 34.
Rc8 Nxa5 35.Bd4 Rb7 36.Bc3 Nb3 37.g4 a5 38.Ra8 Rd7 39.Kg2 h6 40.Bxa5 Nxa5 
41.Rxa5 g5 42.Ra6 Kg7 43.Re6 Ra7 44.Kg3 Ra1 45.Re3 Kf6 46.f3 Rg1+ 47.Kf2 
Rh1 48.Kg2 Ra1 49.Rb3 Kg6 50.Rb6+ Kg7 51.Rb5 Kg6 52.Rc5 Rb1 53.Ra5 Rc1 54.
h4 gxh4 55.Rh5 Rc2+ 56.Kg1 h3 57.Rxh3 Kg5 58.Rh2 Rxh2 59.Kxh2 h5 60.gxh5 
1/2-1/2

[Event "58h World U20 ch"]
[Site "New Delhi IND"]
[Date "2019.10.17"]
[Round "3.2"]
[White "Shtembuliak, Evgeny"]
[Black "Drygalov, Sergei"]
[Result "1-0"]
[WhiteElo "2577"]
[BlackElo "2470"]
[EventDate "2019.10.15"]
[PlyCount "83"]

1.c4 e5 2.g3 Nf6 3.Bg2 Nc6 4.Nc3 Bb4 5.e4 Bxc3 6.dxc3 O-O 7.Qc2 d6 8.Nf3 
h6 9.O-O Be6 10.b3 a6 11.a4 Na5 12.Rb1 Qe8 13.Nh4 b5 14.cxb5 axb5 15.b4 
Nc4 16.a5 d5 17.exd5 Bxd5 18.f3 c5 19.Nf5 cxb4 20.cxb4 Rc8 21.Qf2 Be6 22.
Ne3 Nd5 23.f4 e4 24.f5 Ndxe3 25.Bxe3 Bxf5 26.Bc5 Bg6 27.Rbe1 e3 28.Bxe3 
Nxe3 29.Qxe3 Qd7 30.a6 Rfe8 31.Qb6 Rxe1 32.Rxe1 Qd2 33.Qe3 Qxe3+ 34.Rxe3 
Rc1+ 35.Kf2 Ra1 36.Re8+ Kh7 37.Bb7 Ra3 38.Re5 Bd3 39.Ke3 f6 40.Re7 f5 41.
Kd4 Kg6 42.Re3 1-0